Nablus und Tel Aviv: Tradition und Moderne
| Main Author: | |
|---|---|
| Format: | Print Article |
| Language: | German |
| Check availability: | HBZ Gateway |
| Interlibrary Loan: | Interlibrary Loan for the Fachinformationsdienste (Specialized Information Services in Germany) |
| Published: |
1988
|
| In: |
Geisteshaltung und Umwelt
Year: 1988, Pages: 405-414 |
| Further subjects: | B
Nablus
B Tel Aviv- Jaffa B Religionsgeographie |
MARC
| LEADER | 00000caa a22000002c 4500 | ||
|---|---|---|---|
| 001 | 1444492764 | ||
| 003 | DE-627 | ||
| 005 | 20240717085300.0 | ||
| 007 | tu | ||
| 008 | 121113s1988 gw ||||| 00| ||ger c | ||
| 020 | |a 3924007608 | ||
| 035 | |a (DE-627)1444492764 | ||
| 035 | |a (DE-576)37449276X | ||
| 035 | |a (DE-599)BSZ37449276X | ||
| 040 | |a DE-627 |b ger |c DE-627 |e rakwb | ||
| 041 | |a ger | ||
| 044 | |c XA-DE | ||
| 084 | |a 0 |2 ssgn | ||
| 100 | 1 | |0 (DE-588)124295665 |0 (DE-627)085767832 |0 (DE-576)164327541 |4 aut |a Pummer, Reinhard |d 1938- | |
| 109 | |a Pummer, Reinhard 1938- | ||
| 245 | 1 | 0 | |a Nablus und Tel Aviv |b Tradition und Moderne |c von Reinhard Pummer |
| 264 | 1 | |c 1988 | |
| 336 | |a Text |b txt |2 rdacontent | ||
| 337 | |a ohne Hilfsmittel zu benutzen |b n |2 rdamedia | ||
| 338 | |a Band |b nc |2 rdacarrier | ||
| 601 | |a Tel Aviv | ||
| 601 | |a Tradition | ||
| 650 | 4 | |a Religionsgeographie | |
| 651 | 4 | |a Nablus | |
| 651 | 4 | |a Tel Aviv- Jaffa | |
| 773 | 0 | 8 | |i In |t Geisteshaltung und Umwelt |b 1. Aufl |d Aachen : Alano-Verl. Ed. Herodot, 1988 |g (1988), Seite 405-414 |h 468 S. |w (DE-627)274837358 |w (DE-576)018966349 |z 3924007594 |z 3924007608 |7 nnam |
| 773 | 1 | 8 | |g year:1988 |g pages:405-414 |
| 951 | |a AR | ||
| ELC | |b 1 | ||
| ITA | |a 1 |t 1 | ||
| ORI | |a SA-MARC-ixtheo_oa001.raw | ||
| REL | |a 1 | ||
| SUB | |a REL | ||
| SYF | 0 | 0 | |a Nābulus |



